000 00884nam a22002897a 4500
001 BR4100041
003 BR-BrBNA
005 20230928082911.0
007 ta
008 230509b bl.||||| |||| 00| 0 por d
040 _aBR-BrBNA
_bpor
_cBiblioteca Nacional de Agricultura
041 _a(Por)
072 _aD50; L70; E70
_b5000
_b/G514
090 _ 5000 BR4100041
110 1 _aDepartamento Nacional da Producao Animal, Rio de Janeiro, GB (Brasil)
_93202
245 1 _aInstrucoes para desinfecao dos meios de transporte e locais de embarque ou desembarque de animais [Brasil]
260 3 _aRio de Janeiro, GB (Brasil):
_c1941.
300 _a4 p.
650 _aLegislacao
650 _aVeterinaria
650 _aComercializacao
650 _aAnimal domestico
650 _aTransporte
650 _aDefesa animal
909 _a202309
_bLucia
_c55
_dLucia Elande
942 _cBK
999 _c10513
_d10513